World Currency Giant Word Ladder Quiz Stats

Quiz Updated Jul 16, 2017

Also try: World Currencies
Challenge
Share
Tweet
Embed
Score 0/113 Timer 10:00
15 Plays Today
Clue 4-Letter Word % Correct
___-a-Wish FoundationMAKE
91.4%
Homer Simpson's sonBART
91%
Ear-biting boxer TysonMIKE
90.7%
Not the present or futurePAST
89.8%
Better than betterBEST
89.6%
$ Money in Mexico $PESO
89.3%
A group of cattleHERD
89%
$ Money in France $EURO
88.2%
Ernie's muppet roommateBERT
88.2%
Difficult or stiffHARD
87.6%
'___ This Job and Shove It'TAKE
87.4%
Pubs or saloonsBARS
86.4%
A human that is XYMALE
86.3%
Cardinal or woodpecker, e.g.BIRD
85.1%
An irksome personPEST
84.8%
A place to dig up coalMINE
84.5%
All finishedDONE
84.5%
A win, in chessMATE
84%
A kiss, in SpanishBESO
82.7%
Have a mealDINE
81.9%
One showing great courageHERO
81.4%
'___ Than Zero'LESS
80.4%
A story or falsehoodTALE
80.1%
'___-Time Lover'PART
79.9%
Tie up with stringBIND
78.3%
'___-in-the-blank'FILL
77.8%
'Birth control ___'PILL
77.7%
Pushed the doorbellRANG
77.5%
Opposite of pushPULL
77.5%
A rock groupBAND
77.4%
Mary of 'Entertainment Tonight'HART
76.9%
A Scottish girlLASS
76.7%
For real: 'Bona ___'FIDE
74.6%
No longer straightBENT
74.2%
Tripped or stumbledFELL
73.9%
Hawaiian danceHULA
73.6%
Blown-out tireFLAT
73.5%
Incredible and green one of the comicsHULK
73.5%
Clue 4-Letter Word % Correct
Chair or stool, e.g.SEAT
72.9%
Posted a letterSENT
72.9%
Union Jack, e.g.FLAG
72.3%
Worm-derived fabricSILK
72.3%
The litter's smallestRUNT
72.2%
Starkist's canned fishTUNA
71.8%
Actor Penn or AstinSEAN
71.5%
Pool table coveringFELT
71.3%
$ Money in South Africa $RAND
71%
Suns or the Mets, e.g.TEAM
70.8%
TV's 'Name that ___'TUNE
70.6%
Be moodily silentSULK
70.4%
Metal tool for smoothingFILE
70.4%
Preceders of humbugsBAHS
69.4%
$ Money in Thailand $BAHT
69.1%
Swingless hit BUNT
68.9%
Cruel or unkindMEAN
68.5%
Focusing deviceLENS
68.1%
Finnish architect SaarinenEERO
67.9%
Belgian actor, ___-Claude Van DammeJEAN
66.4%
A sewed jointSEAM
66.3%
$ Money in Vietnam $DONG
65.7%
Yoda or Luke Skywalker, e.g.JEDI
65.1%
Relative of 'Rats!'DANG
64.1%
Ancient characterRUNE
63%
$ Money in Botswana $PULA
62.1%
Act of daringFEAT
59.7%
Martyred gay rights advocate HarveyMILK
59%
Heidi Klum's musician ex-husbandSEAL
57.3%
'Green Lantern' actor ReynoldsRYAN
56.7%
WWI spy '___ Hari'MATA
55.7%
Shed hair or feathersMOLT
54.6%
Large tubsVATS
50.9%
Epstein-___ VirusBARR
50.5%
Move a computer iconDRAG
50.2%
An informal UK goodbyeTA-TA
49.3%
What a caterpillar becomesMOTH
47.9%
Kill, in a video gameFRAG
47.9%
Clue 4-Letter Word % Correct
$ Old Money in Latvia $LATS
46.8%
$ Money in Ethiopia $BIRR
46.3%
Streetcar or wagonTRAM
44.5%
Lament or wailMOAN
44.3%
Coffee icon ValdezJUAN
43.8%
Schmidt of the NHLMILT
43.3%
Wait awhileBIDE
43.2%
Red-colored horseROAN
41.9%
$ Money in Armenia $DRAM
36.5%
Swedish Indie pop singer LekmanJENS
33.3%
Late comic RichardJENI
32.9%
$ Money in China $YUAN
32.1%
Suffragist LucretiaMOTT
31.5%
Russian pop duot.A.T.u.
31%
Loughlin of 'Full House'LORI
30.2%
Yield, by treatyCEDE
29.8%
$ Money in Turkey $LIRA
28.3%
Bring forth a lambYEAN
28%
Dr. Zhivago's loveLARA
27.6%
'Portnoy's Complaint' author PhilipROTH
26.5%
George Eliot's 'Adam ___'BEDE
26.2%
$ Money in Ghana $CEDI
25.6%
$ Money in Vanuatu $VATU
25.5%
$ Money in Bangladesh $TAKA
23.1%
$ Money in Samoa $TALA
22.5%
$ Money in Brazil $REAL
22.3%
Skin, in SpanishPIEL
18.3%
Indian breadROTI
17.5%
$ Money in Iran $RIAL
16.5%
$ Money in Georgia $LARI
16.2%
$ Money in Lesotho $LOTI
13.1%
$ Money in Croatia $KUNA
13%
Nerys of 'Deep Space 9'KIRA
10.9%
$ Money in Cambodia $RIEL
10.7%
$ Money in Papua New Guinea $KINA
10.2%
Douglas of 'Queer Eye for the Straight Guy'KYAN
6.6%
$ Money in Myanmar $KYAT
4.6%

You're not logged in!

Compare scores with friends on all Sporcle quizzes.
Sign Up with Email
OR
Log In

You Might Also Like...

Show Comments

Extras

Top Quizzes Today


Score Distribution

Your Account Isn't Verified!

In order to create a playlist on Sporcle, you need to verify the email address you used during registration. Go to your Sporcle Settings to finish the process.